¿Crisis financieras en Costa Rica? /

محفوظ في:
التفاصيل البيبلوغرافية
المؤلف الرئيسي: Redondo Gómez, Bernardita
التنسيق: نص
الوسوم: إضافة وسم
لا توجد وسوم, كن أول من يضع وسما على هذه التسجيلة!

MARC

LEADER 00000 a a2200000 04500
001 2994
003
040
100 |a Redondo Gómez, Bernardita  
245 |a ¿Crisis financieras en Costa Rica? /  |c Bernardita Redondo Gómez 
773 |g volumen 17, número 2; páginas 103-149  
999 |c 21737  |d 21737